| 000 | 00834nam a2200277Ia 4500 | ||
|---|---|---|---|
| 001 | Para_998 | ||
| 003 | CHAP | ||
| 008 | 220125s1963 xx 000 0 und d | ||
| 010 | _a199753 | ||
| 040 | _cCHAP | ||
| 090 | _aPA TESIS 964 | ||
| 100 |
_aBrunner Liebshard, Palmira _9164929 |
||
| 245 |
_aExploracion nematológica en el cultivo del maguey pulquero Agave atrivirens Karw. en los estados de Hidalgo, México y Tlaxcala / _c por Palmira Brunner Liebshard |
||
| 260 | _aMexico, D.F. el autor | ||
| 300 | _a99 h. | ||
| 502 | _aTesis (Biólogo) UNAM. Facultad de Ciencias | ||
| 650 |
_aAgave _91069 |
||
| 710 |
_aUNAM _9116090 |
||
| 901 | _aPA TESIS 964 | ||
| 902 | _aM | ||
| 905 | _a0000001963 0000000000 00 | ||
| 910 | _a1963 | ||
| 942 | _cPARA | ||
| 942 |
_cPARA _d1 |
||
| 999 |
_c199753 _d199753 |
||